Central Library OPAC University of Rajshahi

Sociology of Bengal politics and other essays / (Record no. 33488)

MARC details
000 -LEADER
fixed length control field 00740nam a22002411i 4500
001 - CONTROL NUMBER
control field 33488
003 - CONTROL NUMBER IDENTIFIER
rucl marc code BD-RjUL
005 - DATE AND TIME OF LATEST TRANSACTION
control field 20211209052021.0
008 - FIXED-LENGTH DATA ELEMENTS--GENERAL INFORMATION
fixed length control field 140508s1973 bg 000 0 eng d
035 ## - SYSTEM CONTROL NUMBER
System control number (BD-RjUL)33579
040 ## - CATALOGING SOURCE
Original cataloging agency DLC
Transcribing agency DLC
Modifying agency m.c
-- BD-RjUL
Language of cataloging eng
041 ## - LANGUAGE CODE
Language code of text/sound track or separate title eng
082 ## - DEWEY DECIMAL CLASSIFICATION NUMBER
Classification number 954.9204
Author mark and year SHS 1973
100 1# - MAIN ENTRY--PERSONAL NAME
Personal name Shams-ud-din, Abu Zafar.
9 (RLIN) 101634
245 10 - TITLE STATEMENT
Title Sociology of Bengal politics and other essays /
Statement of responsibility, etc. by Abu Jafar Shamsuddin
260 ## - PUBLICATION, DISTRIBUTION, ETC. (IMPRINT)
Place of publication, distribution, etc. Dhaka :
Name of publisher, distributor, etc. Bangla Academy,
Date of publication, distribution, etc. 1973.
300 ## - PHYSICAL DESCRIPTION
Pagination 153 p. ;
Size 22 cm.
651 #0 - SUBJECT ADDED ENTRY--GEOGRAPHIC NAME
Geographic name Bangladesh
General subdivision Politics and government
9 (RLIN) 101635
Geographic name Bangladesh
General subdivision Social conditions
9 (RLIN) 101636
Geographic name Bangladesh
General subdivision Civilization
9 (RLIN) 101637
942 ## - ADDED ENTRY ELEMENTS (KOHA)
Source of classification or shelving scheme Dewey Decimal Classification
Koha item type Books
Holdings
Lost status Source of classification or shelving scheme Damaged status Not for loan Collection code Permanent Location Current Location Shelving location Date acquired Source of acquisition Cost, normal purchase price Total Checkouts Full call number Date last seen Copy number Koha item type Date checked out
  Dewey Decimal Classification     Non-fiction Central Library, University of Rajshahi Central Library, University of Rajshahi   30/01/1975 Bangali academy. 9.00   954.9204 SHS 1973 08/05/2014 C-5 Books  
  Dewey Decimal Classification   Not For Loan Non-fiction Central Library, University of Rajshahi Central Library, University of Rajshahi Reading Room 30/01/1975 Bangla Academy. 9.00   954.9204 SHS 1973 12/05/2014 C-1 Books  
  Dewey Decimal Classification     Non-fiction Central Library, University of Rajshahi Central Library, University of Rajshahi   30/01/1975 Bangla Academy. 9.00 2 954.9204 SHS 1973 06/11/2017 C-8 Books 06/11/2017
  Dewey Decimal Classification     Non-fiction Central Library, University of Rajshahi Central Library, University of Rajshahi   25/10/1990 shawkat Osman, Dacca.     954.9204 SHS 1973 19/05/2014 C-2 Books  
  Dewey Decimal Classification     Non-fiction Central Library, University of Rajshahi Central Library, University of Rajshahi   30/01/1975 Bengali Academi 9.00   954.9204 SHS 1973 24/05/2014 C-3 Books  
  Dewey Decimal Classification     Non-fiction Central Library, University of Rajshahi Central Library, University of Rajshahi   30/01/1975 Bangla Academy 9.00   954.9204 SHS 1973 07/12/2016 C-10 Books  
  Dewey Decimal Classification     Non-fiction Central Library, University of Rajshahi Central Library, University of Rajshahi   30/01/1975 Bangla Academy 9.00   954.9204 SHS 1973 07/12/2016 C-7 Books  
  Dewey Decimal Classification     Non-fiction Central Library, University of Rajshahi Central Library, University of Rajshahi   30/01/1975 Bangla Academy 9.00   954.9204 SHS 1973 07/12/2016 C-6 Books  
  Dewey Decimal Classification     Non-fiction Central Library, University of Rajshahi Central Library, University of Rajshahi   30/01/1975 Bangla Academy 9.00   954.9204 SHS 1973 07/12/2016 C-4 Books  
  Dewey Decimal Classification     Non-fiction Central Library, University of Rajshahi Central Library, University of Rajshahi   30/01/1975 Bangla Academy 9.00   954.9204 SHS 1973 07/12/2016 C-9 Books